[Event "First Saturday FM-A Feb 2014"]
[Site "Budapest"]
[Date "2014.02.01"]
[Round "1.1"]
[White "Marcu, Simon"]
[Black "Terbe, Zsuzsanna"]
[Result "0-1"]
[WhiteElo "1907"]
[BlackElo "2029"]
[PlyCount "134"]
[EventDate "2014.02.01"]

1. d4 Nf6 2. c4 g6 3. Nc3 Bg7 4. e4 d6 5. Bd3 Nc6 6. Nge2 Nh5 7. Be3 e5 8. d5
Nd4 9. Bxd4 exd4 10. Nb5 c5 11. dxc6 bxc6 12. Nbxd4 c5 13. Nb5 Bxb2 14. Rb1 Bg7
15. O-O a6 16. Nbc3 O-O 17. Nd5 Be6 18. Nef4 Nxf4 19. Nxf4 Bd7 20. Nd5 Bc6 21.
Re1 Bd4 22. Qb3 Qg5 23. Qc2 Rab8 24. Kh1 Kh8 25. f4 Qh6 26. g3 Rfe8 27. Rxb8
Rxb8 28. Rb1 Rxb1+ 29. Qxb1 Qh3 30. Qf1 Qc8 31. Qb1 Bxd5 32. exd5 Qe8 33. Qf1
Qe3 34. Kg2 Kg7 35. Qe2 Qg1+ 36. Kh3 Bf6 37. Qg2 Qd4 38. Qe4 Qa1 39. Qe2 a5 40.
Kg2 a4 41. Qc2 a3 42. Qb1 Qc3 43. Qc2 Qa5 44. Be4 Bd4 45. Bd3 Bb2 46. Kf2 Qd8
47. Kg2 Qf6 48. Be4 h5 49. Qd3 h4 50. Qc2 Qd8 51. Qf2 Bd4 52. Qc2 Qh8 53. Qd3
Bb2 54. g4 Qc8 55. Kf3 Qd8 56. Kg2 Qf6 57. Kf3 g5 58. f5 Qe5 59. Kg2 Qf4 60.
Qe2 Be5 61. Kh1 Qc1+ 62. Kg2 Bd4 63. Bd3 Qg1+ 64. Kh3 Be5 65. Be4 Bxh2 66. Bg2
Be5 67. f6+ Kg8 0-1

[Event "First Saturday FM-A Feb 2014"]
[Site "Budapest"]
[Date "2014.02.01"]
[Round "1.2"]
[White "Berta, Sandor"]
[Black "Grove, Michael"]
[Result "1/2-1/2"]
[WhiteElo "1967"]
[BlackElo "2091"]
[PlyCount "46"]
[EventDate "2014.02.01"]

1. Nf3 Nf6 2. g3 g6 3. b3 Bg7 4. Bb2 c5 5. Bg2 Nc6 6. c4 O-O 7. O-O d6 8. Nc3
e5 9. d3 Bg4 10. h3 Bd7 11. Qd2 Rb8 12. Rfd1 a6 13. Rab1 b5 14. e3 b4 15. Ne2
h5 16. d4 exd4 17. exd4 Bf5 18. Rbc1 Qc8 19. Qf4 Re8 20. Re1 Bd3 21. Qd2 Bf5
22. Qf4 Bd3 23. Qd2 Bf5 1/2-1/2

[Event "First Saturday FM-A Feb 2014"]
[Site "Budapest"]
[Date "2014.02.01"]
[Round "1.3"]
[White "Bodrogi, Mihaly"]
[Black "Farkas, Richard"]
[Result "1/2-1/2"]
[WhiteElo "2094"]
[BlackElo "2143"]
[PlyCount "59"]
[EventDate "2014.02.01"]

1. d4 d5 2. c4 dxc4 3. e3 e5 4. Bxc4 exd4 5. exd4 Bd6 6. Nf3 Nf6 7. Qe2+ Qe7 8.
Qxe7+ Bxe7 9. Bf4 c6 10. O-O O-O 11. Nc3 Bg4 12. Ne5 Bh5 13. d5 b5 14. Bb3 b4
15. Nd1 Nxd5 16. Bxd5 cxd5 17. Ne3 f6 18. Nxd5 fxe5 19. Nxe7+ Kf7 20. Bd2 a5
21. Nf5 Bg6 22. Ng3 Nc6 23. Rac1 Rac8 24. Be3 Nd4 25. f4 Rxc1 26. Bxc1 Bd3 27.
Re1 exf4 28. Bxf4 Ne6 29. Be3 a4 30. Rd1 1/2-1/2

[Event "First Saturday FM-A Feb 2014"]
[Site "Budapest"]
[Date "2014.02.01"]
[Round "1.4"]
[White "Drozdowski, Konrad"]
[Black "Borda, Lajos"]
[Result "0-1"]
[WhiteElo "1953"]
[BlackElo "2130"]
[PlyCount "150"]
[EventDate "2014.02.01"]

1. e4 e6 2. d4 d5 3. Nc3 Nf6 4. Bg5 Be7 5. e5 Nfd7 6. h4 a6 7. Qg4 f6 8. Bf4
fxe5 9. dxe5 O-O 10. O-O-O Rf7 11. Nf3 Qf8 12. Bg5 Nc6 13. Re1 Bb4 14. Bd2 Nc5
15. Bd3 Nxd3+ 16. cxd3 Bxc3 17. Bxc3 Rf4 18. Qg3 Qf5 19. Qg5 h6 20. Qxf5 Rxf5
21. Rh3 Bd7 22. Rg3 Raf8 23. Bd2 Kh7 24. d4 Be8 25. Be3 Nb4 26. Kd1 Nd3 27. Re2
Bh5 28. Rd2 Nf4 29. Bxf4 Rxf4 30. Ke2 Rxh4 31. Ke3 Re4+ 32. Kd3 Rff4 33. Kc3 c5
34. dxc5 Rc4+ 35. Kb3 Bxf3 36. gxf3 Rxc5 37. Rd1 Rcc4 38. Rdg1 g5 39. a3 Kg6
40. Rh1 h5 41. Rhg1 Rf5 42. Re1 a5 43. Re2 a4+ 44. Ka2 h4 45. Rh3 Rff4 46. Kb1
Kf5 47. Ka2 Rc5 48. Kb1 b6 49. Ka2 d4 50. Rd2 Kxe5 51. Rd3 Kd5 52. Rh1 Kc4 53.
Rhd1 h3 54. R3d2 h2 55. Rc1+ Kb5 56. Rh1 Rh4 57. Kb1 Rf5 58. Rd3 Kc4 59. Kc2
Rb5 60. Rd2 d3+ 61. Kb1 Re5 62. Kc1 Rf5 63. Kd1 Rxf3 64. Kc1 Rfh3 65. Kb1 Kd4
66. Ka2 e5 67. Kb1 e4 68. Ka2 g4 69. Rdd1 g3 70. fxg3 Rxg3 71. Rd2 e3 72. Rdxh2
Rxh2 73. Rxh2 e2 74. Rh4+ Ke3 75. Rh1 d2 0-1

[Event "First Saturday FM-A Feb 2014"]
[Site "Budapest"]
[Date "2014.02.01"]
[Round "1.5"]
[White "Skytte, Torill"]
[Black "Juracsik, Jozsef"]
[Result "1/2-1/2"]
[WhiteElo "1971"]
[BlackElo "2136"]
[PlyCount "20"]
[EventDate "2014.02.01"]

1. d4 Nf6 2. Bf4 d6 3. e3 g6 4. Nf3 Bg7 5. Be2 O-O 6. h3 Nc6 7. O-O Nd7 8. c4
e5 9. Bg3 Re8 10. Nc3 h6 1/2-1/2

[Event "First Saturday FM-A Feb 2014"]
[Site "Budapest"]
[Date "2014.02.02"]
[Round "2.1"]
[White "Borda, Lajos"]
[Black "Skytte, Torill"]
[Result "1/2-1/2"]
[WhiteElo "2130"]
[BlackElo "1971"]
[PlyCount "64"]
[EventDate "2014.02.01"]

1. e4 e6 2. d4 d5 3. e5 c5 4. Nf3 cxd4 5. Nxd4 Nc6 6. Bf4 Nge7 7. Bg3 Nxd4 8.
Qxd4 Nf5 9. Qd2 Nxg3 10. hxg3 Bd7 11. Bd3 Qb6 12. c3 g6 13. a4 a6 14. a5 Qc7
15. Qe2 d4 16. O-O dxc3 17. Nxc3 Bg7 18. f4 Bc6 19. Rfc1 h5 20. Be4 h4 21.
Bxc6+ bxc6 22. gxh4 Qa7+ 23. Kh2 Rxh4+ 24. Kg3 g5 25. Ne4 Rxf4 26. Nxg5 Qd4 27.
Nf3 Rg4+ 28. Kh2 Bxe5+ 29. Qxe5 Rh4+ 30. Kg3 Rg4+ 31. Kh3 Rh4+ 32. Kg3 Rg4+
1/2-1/2

[Event "First Saturday FM-A Feb 2014"]
[Site "Budapest"]
[Date "2014.02.02"]
[Round "2.2"]
[White "Farkas, Richard"]
[Black "Drozdowski, Konrad"]
[Result "1/2-1/2"]
[WhiteElo "2143"]
[BlackElo "1953"]
[PlyCount "135"]
[EventDate "2014.02.01"]

1. d4 c5 2. d5 e5 3. e4 d6 4. Bb5+ Bd7 5. Bxd7+ Nxd7 6. Nc3 Be7 7. Nf3 a6 8. a4
Ngf6 9. O-O O-O 10. Nd2 h6 11. a5 Nh7 12. Nc4 Qc7 13. f4 Bf6 14. Qg4 Kh8 15. f5
Bg5 16. Bxg5 Nxg5 17. h4 Nh7 18. Qe2 Ndf6 19. g4 Qe7 20. Ra3 Nd7 21. Qh2 Rg8
22. Nd1 Ndf6 23. Nf2 Ne8 24. g5 h5 25. Rb3 g6 26. f6 Qc7 27. Qh3 Nf8 28. Qf3
Rb8 29. Nh1 Qd7 30. Kg2 Nc7 31. Nb6 Qe8 32. c4 Nh7 33. Ng3 Rd8 34. Kf2 Rb8 35.
Rg1 Rd8 36. Ke2 Rb8 37. Kd2 Rd8 38. Kc2 Rb8 39. Kb1 Rd8 40. Rg2 Rb8 41. Rc3 Na8
42. Rcc2 Nxb6 43. axb6 Ra8 44. Rc3 Qd7 45. Ne2 Qd8 46. Rb3 Qd7 47. Nc3 Rab8 48.
Ra3 Rgf8 49. Na4 Rg8 50. Qc3 Rbc8 51. b4 Rge8 52. Nb2 Qd8 53. bxc5 dxc5 54. Rb3
Nf8 55. Nd3 Qd6 56. Qa5 Nd7 57. Nf2 Kg8 58. Nh1 Kh7 59. Ng3 Rg8 60. Rgb2 Kh8
61. Qc3 Nf8 62. Qf3 Nh7 63. Rg2 Rce8 64. Rbb2 Qd8 65. Kc1 Qd6 66. Rgd2 Rd8 67.
Rg2 Rde8 68. Rgd2 1/2-1/2

[Event "First Saturday FM-A Feb 2014"]
[Site "Budapest"]
[Date "2014.02.02"]
[Round "2.3"]
[White "Grove, Michael"]
[Black "Bodrogi, Mihaly"]
[Result "1/2-1/2"]
[WhiteElo "2091"]
[BlackElo "2094"]
[PlyCount "96"]
[EventDate "2014.02.01"]

1. e4 c5 2. Nc3 Nc6 3. Bb5 g6 4. Bxc6 bxc6 5. f4 Bg7 6. Nf3 Nf6 7. O-O O-O 8.
Qe1 Ba6 9. d3 d6 10. Qh4 Nd7 11. f5 e5 12. Qh3 Qe7 13. Bd2 c4 14. Ng5 Nf6 15.
fxg6 fxg6 16. Qe6+ Qxe6 17. Nxe6 Rf7 18. Rf3 cxd3 19. cxd3 Re8 20. Nxg7 Kxg7
21. Raf1 Ref8 22. h3 Ng8 23. Rxf7+ Rxf7 24. Rd1 Kf6 25. Be3 Ke6 26. d4 exd4 27.
Bxd4 c5 28. Bf2 Nf6 29. e5 dxe5 30. Bxc5 Kf5 31. b4 Bc4 32. a4 Ne4 33. Nxe4
Kxe4 34. Re1+ Kd5 35. Rd1+ Ke4 36. Rd8 a6 37. Re8 Kd5 38. Rd8+ Ke4 39. Rd6 Bd3
40. Kh2 Be2 41. Kg3 Rf1 42. Rd2 Bd3 43. Rb2 Kd5 44. Be3 Kc4 45. Bd2 e4 46. b5
axb5 47. axb5 e3 48. Bxe3 Kc3 1/2-1/2

[Event "First Saturday FM-A Feb 2014"]
[Site "Budapest"]
[Date "2014.02.02"]
[Round "2.4"]
[White "Terbe, Zsuzsanna"]
[Black "Berta, Sandor"]
[Result "1/2-1/2"]
[WhiteElo "2029"]
[BlackElo "1967"]
[PlyCount "21"]
[EventDate "2014.02.01"]

1. d4 Nf6 2. c4 e5 3. dxe5 Ng4 4. Nf3 Bc5 5. e3 Nc6 6. Nc3 Ngxe5 7. Be2 O-O 8.
O-O d6 9. b3 a5 10. a3 Re8 11. Bb2 1/2-1/2

[Event "First Saturday FM-A Feb 2014"]
[Site "Budapest"]
[Date "2014.02.02"]
[Round "2.5"]
[White "Gal, Hanna Krisztina"]
[Black "Marcu, Simon"]
[Result "0-1"]
[WhiteElo "2104"]
[BlackElo "1907"]
[PlyCount "104"]
[EventDate "2014.02.01"]

1. e4 c5 2. Nf3 Nc6 3. Bb5 Qc7 4. O-O d6 5. c3 a6 6. Bxc6+ Qxc6 7. Re1 Bg4 8.
d4 c4 9. h3 Bh5 10. Nbd2 Nf6 11. a4 b6 12. Qe2 Rc8 13. Nf1 Bxf3 14. Qxf3 g6 15.
d5 Qb7 16. Be3 Bg7 17. Bd4 O-O 18. Nd2 Nd7 19. Bxg7 Kxg7 20. Qe3 Kg8 21. Red1
Qc7 22. Nf3 Rfe8 23. Nd4 Qc5 24. Qh6 e5 25. Nf3 Qc7 26. Re1 Nc5 27. Re3 f6 28.
Nd2 b5 29. Rf3 Rf8 30. h4 Nxa4 31. Nf1 Qg7 32. Qe3 Nc5 33. h5 f5 34. h6 Qd7 35.
exf5 Rxf5 36. Rg3 Rcf8 37. f3 Qf7 38. Rd1 a5 39. Qe2 Rh5 40. Ne3 Rxh6 41. Rg4
a4 42. Rf1 Nd3 43. g3 Rh5 44. f4 exf4 45. gxf4 Kh8 46. Qg2 Qe7 47. Qg3 Qe4 48.
Ng2 Qxd5 49. Nh4 Qc5+ 50. Kg2 Re8 51. Kh3 Re2 52. Qf3 Re3 0-1

[Event "First Saturday FM-A Feb 2014"]
[Site "Budapest"]
[Date "2014.02.03"]
[Round "3.1"]
[White "Berta, Sandor"]
[Black "Gal, Hanna Krisztina"]
[Result "0-1"]
[WhiteElo "1967"]
[BlackElo "2104"]
[PlyCount "124"]
[EventDate "2014.02.01"]

1. e4 c5 2. Nf3 e6 3. c4 Nc6 4. Nc3 Nf6 5. Be2 Qb6 6. d3 Be7 7. O-O O-O 8. Rb1
Rd8 9. Bf4 d5 10. Qc2 Nh5 11. Bd2 dxc4 12. Na4 Qc7 13. Qxc4 b6 14. g3 Nf6 15.
Rfc1 Bb7 16. b4 cxb4 17. Bxb4 Bxb4 18. Qxb4 Qd7 19. Qb5 Rab8 20. Nb2 Nd4 21.
Nxd4 Qxd4 22. Rc4 Qd7 23. Qg5 h6 24. Qf4 Rbc8 25. Rbc1 Ne8 26. Rxc8 Rxc8 27.
Rxc8 Qxc8 28. Nc4 Qc7 29. Qd2 Nd6 30. Nxd6 Qxd6 31. Qc3 e5 32. Qc4 a6 33. Bg4
Qc6 34. Qxc6 Bxc6 35. Kf1 Kf8 36. Ke2 Ke7 37. Kd2 Kd6 38. Kc3 Kc5 39. f4 f6 40.
fxe5 fxe5 41. Be6 b5 42. a3 a5 43. Bf7 Bd7 44. Bd5 Bh3 45. Bf7 Bf1 46. Bb3 b4+
47. axb4+ axb4+ 48. Kd2 Kd4 49. Bc4 b3 50. Bxb3 Bxd3 51. Bd1 Kxe4 52. Bg4 Kd4
53. Bf3 Bf5 54. Bd1 Be6 55. Bf3 Bd5 56. Bh5 Ke4 57. Ke2 Bc4+ 58. Kf2 Kd3 59.
Be2+ Kc3 60. Bd1 Kd2 61. Bf3 Bd3 62. h4 e4 0-1

[Event "First Saturday FM-A Feb 2014"]
[Site "Budapest"]
[Date "2014.02.03"]
[Round "3.2"]
[White "Bodrogi, Mihaly"]
[Black "Terbe, Zsuzsanna"]
[Result "0-1"]
[WhiteElo "2094"]
[BlackElo "2029"]
[PlyCount "70"]
[EventDate "2014.02.01"]

1. d4 Nf6 2. Nf3 g6 3. c4 Bg7 4. Nc3 O-O 5. Bg5 h6 6. Bf4 d6 7. e3 Nh5 8. Be2
Nxf4 9. exf4 Na6 10. O-O c5 11. d5 Nc7 12. Qd2 Rb8 13. Rfe1 a6 14. a4 b6 15.
Bd3 Bd7 16. Qe2 Re8 17. h3 e6 18. Qc2 exd5 19. Rxe8+ Bxe8 20. Nxd5 Nxd5 21.
cxd5 b5 22. axb5 axb5 23. Ra2 c4 24. Bf1 Bd7 25. Qd2 Qb6 26. g4 Qc5 27. Qa5 Rc8
28. Qd2 b4 29. Bg2 c3 30. bxc3 bxc3 31. Qc2 h5 32. f5 hxg4 33. hxg4 gxf5 34.
gxf5 Qxd5 35. Nh4 Qxa2 0-1

[Event "First Saturday FM-A Feb 2014"]
[Site "Budapest"]
[Date "2014.02.03"]
[Round "3.3"]
[White "Drozdowski, Konrad"]
[Black "Grove, Michael"]
[Result "1/2-1/2"]
[WhiteElo "1953"]
[BlackElo "2091"]
[PlyCount "93"]
[EventDate "2014.02.01"]

1. e4 c5 2. Nf3 d6 3. d4 cxd4 4. Nxd4 Nf6 5. Nc3 a6 6. f4 e6 7. Bd3 Be7 8. O-O
Qc7 9. Kh1 b5 10. Qf3 Bb7 11. a3 Nbd7 12. Bd2 Nc5 13. Rae1 O-O 14. Qh3 d5 15.
e5 Nfe4 16. Bxe4 Nxe4 17. Nxe4 dxe4 18. c3 Rad8 19. Be3 Rfe8 20. Qg3 Bf8 21.
Rf2 Kh8 22. Ref1 g6 23. Qh3 Bg7 24. Rd2 Bd5 25. Bf2 a5 26. Bh4 Rd7 27. Re1 Qb7
28. Re3 Kg8 29. Bg5 b4 30. axb4 axb4 31. Rd1 bxc3 32. bxc3 Ra8 33. Bf6 Qb2 34.
Qh4 Ra2 35. Rg1 Qf2 36. Qxf2 Rxf2 37. Bxg7 Kxg7 38. h3 Rxf4 39. Rc1 Rc7 40. Kg1
Rh4 41. Nb5 Rc5 42. Nd6 Bc6 43. Rf1 Rxe5 44. Rxf7+ Kg8 45. Rc7 Ba4 46. Rc8+ Kg7
47. Rc7+ 1/2-1/2

[Event "First Saturday FM-A Feb 2014"]
[Site "Budapest"]
[Date "2014.02.03"]
[Round "3.4"]
[White "Skytte, Torill"]
[Black "Farkas, Richard"]
[Result "1/2-1/2"]
[WhiteElo "1971"]
[BlackElo "2143"]
[PlyCount "88"]
[EventDate "2014.02.01"]

1. d4 Nf6 2. Bf4 g6 3. e3 Bg7 4. Be2 d6 5. Nf3 c5 6. c3 b6 7. h3 O-O 8. O-O Bb7
9. Nbd2 Nbd7 10. Qb3 Qc7 11. Bh2 a6 12. a4 Rfe8 13. Bc4 e6 14. Ng5 Qc6 15. Ngf3
d5 16. Be2 c4 17. Qc2 b5 18. Ne5 Nxe5 19. Bxe5 Nd7 20. Bxg7 Kxg7 21. f4 Nb6 22.
axb5 axb5 23. Bf3 f5 24. g4 Na4 25. Bg2 Ra6 26. Nf3 Rea8 27. Qf2 Nb6 28. Rxa6
Rxa6 29. Qh4 Qe8 30. Ng5 h6 31. Nf3 Ra2 32. Rf2 Na4 33. Ne5 Rxb2 34. Rxb2 Nxb2
35. Qe1 Na4 36. Qa1 Qe7 37. Kh2 Qd6 38. Kh1 Bc8 39. Bf3 Bd7 40. Bd1 Be8 41. Bc2
Kf6 42. Kg2 Ke7 43. h4 h5 44. g5 Kf8 1/2-1/2

[Event "First Saturday FM-A Feb 2014"]
[Site "Budapest"]
[Date "2014.02.03"]
[Round "3.5"]
[White "Juracsik, Jozsef"]
[Black "Borda, Lajos"]
[Result "1/2-1/2"]
[WhiteElo "2136"]
[BlackElo "2130"]
[PlyCount "22"]
[EventDate "2014.02.01"]

1. e4 e5 2. Nf3 Nc6 3. Bb5 a6 4. Ba4 d6 5. Bxc6+ bxc6 6. d4 exd4 7. Qxd4 c5 8.
Qd5 Be6 9. Qc6+ Bd7 10. Qd5 Be6 11. Qc6+ Bd7 1/2-1/2

[Event "First Saturday FM-A Feb 2014"]
[Site "Budapest"]
[Date "2014.02.04"]
[Round "4.1"]
[White "Farkas, Richard"]
[Black "Juracsik, Jozsef"]
[Result "1/2-1/2"]
[WhiteElo "2143"]
[BlackElo "2136"]
[PlyCount "24"]
[EventDate "2014.02.01"]

1. e4 c5 2. Nf3 d6 3. d4 cxd4 4. Nxd4 Nf6 5. Nc3 a6 6. Bg5 e6 7. f4 h6 8. Bh4
Qb6 9. a3 Nc6 10. Bf2 Qc7 11. Be2 Be7 12. O-O Bd7 1/2-1/2

[Event "First Saturday FM-A Feb 2014"]
[Site "Budapest"]
[Date "2014.02.04"]
[Round "4.2"]
[White "Grove, Michael"]
[Black "Skytte, Torill"]
[Result "1/2-1/2"]
[WhiteElo "2091"]
[BlackElo "1971"]
[PlyCount "93"]
[EventDate "2014.02.01"]

1. e4 e6 2. Qe2 b6 3. Nc3 Bb7 4. f4 Bb4 5. a3 Bxc3 6. bxc3 Nf6 7. d3 d5 8. e5
Nfd7 9. Nf3 c5 10. g3 Nc6 11. a4 d4 12. Bb2 dxc3 13. Bxc3 O-O 14. Bg2 h6 15.
O-O Qe7 16. Qf2 Rad8 17. Nd2 f6 18. Nc4 fxe5 19. Bxc6 Bxc6 20. Bxe5 Nxe5 21.
Nxe5 Ba8 22. h3 Qb7 23. Kh2 g5 24. Qe2 gxf4 25. Rxf4 Rxf4 26. gxf4 Kh7 27. Rg1
Rg8 28. Ng4 Rg6 29. Qe5 Qf7 30. Rg3 Qb7 31. Rg1 Qf7 32. Rg3 Qb7 33. Kg1 Qg7 34.
Qb8 Bd5 35. Qd8 Qa1+ 36. Kf2 Qd4+ 37. Ke1 Qxf4 38. Qe7+ Kh8 39. Rg1 Qc1+ 40.
Kf2 Qf4+ 41. Ke1 Qc1+ 42. Kf2 Qd2+ 43. Kf1 Qc1+ 44. Ke2 Qxg1 45. Qf8+ Kh7 46.
Qf7+ Kh8 47. Qf8+ 1/2-1/2

[Event "First Saturday FM-A Feb 2014"]
[Site "Budapest"]
[Date "2014.02.04"]
[Round "4.3"]
[White "Terbe, Zsuzsanna"]
[Black "Drozdowski, Konrad"]
[Result "1/2-1/2"]
[WhiteElo "2029"]
[BlackElo "1953"]
[PlyCount "132"]
[EventDate "2014.02.01"]

1. Nf3 d5 2. g3 Nf6 3. Bg2 c5 4. c4 e6 5. O-O Nc6 6. cxd5 exd5 7. d4 Be6 8. Nc3
Be7 9. dxc5 Bxc5 10. h3 O-O 11. Na4 Be7 12. Be3 Rc8 13. Nd4 b6 14. Nc3 Na5 15.
Ncb5 Qd7 16. Nxe6 fxe6 17. Nd4 Nc4 18. Bc1 Bc5 19. b3 Nd6 20. Bb2 Kh8 21. Nf3
Nf7 22. e3 Ne4 23. Rc1 Qd6 24. Nd4 Nf6 25. Qe2 Ng5 26. Nb5 Qe7 27. Nc3 Bb4 28.
h4 Bxc3 29. Bxc3 Nge4 30. Bb2 Qb7 31. Bh3 Qf7 32. Rxc8 Rxc8 33. Rc1 Rxc1+ 34.
Bxc1 h6 35. Qc2 Nd7 36. Bg2 Ndf6 37. Bb2 Qe7 38. Bh3 Qd7 39. Be5 Ne8 40. Bg2
N8f6 41. Bh3 Ne8 42. a4 Kg8 43. Bf1 N8d6 44. Be2 Nc5 45. Bg4 Nf7 46. Bd4 Ne4
47. Kg2 Nd8 48. Be5 Nc6 49. Bb2 Nb4 50. Qd1 Qf7 51. Bf3 Nc5 52. Qd2 Nc6 53. Qc3
Nd8 54. Bh5 Qb7 55. Bf3 Qf7 56. Qc2 Nc6 57. Ba3 Ne5 58. Bd1 Ncd3 59. Qe2 Qf5
60. Bd6 Qe4+ 61. Kg1 Nc1 62. Qf1 Ncd3 63. Qe2 Nc1 64. Qf1 Ncd3 65. Qe2 Nc1 66.
Qf1 Ncd3 1/2-1/2

[Event "First Saturday FM-A Feb 2014"]
[Site "Budapest"]
[Date "2014.02.04"]
[Round "4.4"]
[White "Gal, Hanna Krisztina"]
[Black "Bodrogi, Mihaly"]
[Result "0-1"]
[WhiteElo "2104"]
[BlackElo "2094"]
[PlyCount "70"]
[EventDate "2014.02.01"]

1. e4 c5 2. Nf3 Nc6 3. Bb5 g6 4. O-O Bg7 5. c3 Nf6 6. Re1 a6 7. Bxc6 dxc6 8. d3
O-O 9. Be3 b6 10. Qc2 Qc7 11. a4 a5 12. h3 Ba6 13. d4 cxd4 14. cxd4 Rac8 15.
Nc3 Nd7 16. Qd2 Rfd8 17. Rac1 Nc5 18. dxc5 Rxd2 19. cxb6 Qd6 20. Nxd2 c5 21.
Nd5 f5 22. f3 fxe4 23. fxe4 Bxb2 24. Rb1 c4 25. Rxb2 c3 26. b7 cxb2 27. bxc8=Q+
Bxc8 28. Nc4 Qe6 29. Bc5 Qxe4 30. Nxe7+ Kg7 31. Rf1 b1=Q 32. Nd2 Qxf1+ 33. Nxf1
Bb7 34. Ne3 Qe5 35. Bd6 Qxe3+ 0-1

[Event "First Saturday FM-A Feb 2014"]
[Site "Budapest"]
[Date "2014.02.04"]
[Round "4.5"]
[White "Marcu, Simon"]
[Black "Berta, Sandor"]
[Result "0-1"]
[WhiteElo "1907"]
[BlackElo "1967"]
[PlyCount "72"]
[EventDate "2014.02.01"]

1. d4 Nf6 2. c4 g6 3. Nc3 Bg7 4. e4 d6 5. Bd3 O-O 6. Nge2 Nh5 7. f3 e5 8. d5 f5
9. Be3 Nf4 10. Nxf4 exf4 11. Bf2 Qg5 12. Rg1 fxe4 13. Bxe4 a6 14. Qd2 Nd7 15.
g4 Ne5 16. h4 Qe7 17. Qe2 b5 18. cxb5 axb5 19. O-O-O b4 20. Nb1 Rxa2 21. Bd4
Ba6 22. Qe1 Rb8 23. b3 Re2 24. Qf1 Rxe4 25. Qxa6 Rxd4 26. Rxd4 Nxf3 27. Rd3
Nxg1 28. Qa7 Ne2+ 29. Kd2 Re8 30. Kc2 Qe5 31. Qa2 Qe4 32. Qa6 Nd4+ 33. Kc1 Qe1+
34. Rd1 Nxb3+ 35. Kc2 Re2+ 36. Kxb3 Qxd1+ 0-1

[Event "First Saturday FM-A Feb 2014"]
[Site "Budapest"]
[Date "2014.02.05"]
[Round "5.1"]
[White "Bodrogi, Mihaly"]
[Black "Marcu, Simon"]
[Result "1/2-1/2"]
[WhiteElo "2094"]
[BlackElo "1907"]
[PlyCount "92"]
[EventDate "2014.02.01"]

1. d4 d5 2. c4 e6 3. e3 Nf6 4. Nc3 Be7 5. Nf3 O-O 6. Be2 c5 7. O-O Nc6 8. dxc5
Bxc5 9. Qc2 Qe7 10. b3 b6 11. Bb2 dxc4 12. Bxc4 Bb7 13. Ne4 Ne8 14. Nxc5 Qxc5
15. Qe2 Nd6 16. Rac1 Qh5 17. Ba6 Bxa6 18. Qxa6 Nb4 19. Qa3 a5 20. Ba1 f6 21.
Rfd1 Rfd8 22. Qb2 Ne4 23. Qb1 Nc5 24. Bd4 Rac8 25. a3 Nbd3 26. Rc3 e5 27. Bxc5
Nxc5 28. b4 axb4 29. axb4 Rxd1+ 30. Qxd1 e4 31. bxc5 exf3 32. Qxf3 Qxf3 33.
gxf3 Rxc5 34. Ra3 Kf7 35. Ra7+ Kg6 36. Rb7 Rc1+ 37. Kg2 Rb1 38. f4 b5 39. e4 b4
40. Kf3 b3 41. e5 fxe5 42. fxe5 Kf5 43. Rxg7 b2 44. Rb7 Kxe5 45. Ke2 Kf4 46. h3
h5 1/2-1/2

[Event "First Saturday FM-A Feb 2014"]
[Site "Budapest"]
[Date "2014.02.05"]
[Round "5.2"]
[White "Drozdowski, Konrad"]
[Black "Gal, Hanna Krisztina"]
[Result "1-0"]
[WhiteElo "1953"]
[BlackElo "2104"]
[PlyCount "79"]
[EventDate "2014.02.01"]

1. e4 c5 2. Nf3 e6 3. d4 cxd4 4. Nxd4 a6 5. Bd3 Nf6 6. O-O Qc7 7. Kh1 d6 8. f4
Nbd7 9. Nc3 b5 10. a3 Bb7 11. Qf3 Nc5 12. Bd2 Be7 13. Rae1 O-O 14. Qh3 Nxd3 15.
cxd3 Qd7 16. Nf3 a5 17. Nd1 Rfe8 18. Ne3 Bf8 19. Bc3 Qd8 20. Rf2 Ba6 21. Rd2
Rb8 22. Nd4 Qb6 23. Nb3 b4 24. axb4 axb4 25. Bxf6 gxf6 26. Ng4 Bg7 27. Re3 Qd8
28. Qh5 Qc7 29. Rh3 d5 30. e5 Rec8 31. Nxf6+ Bxf6 32. exf6 Kf8 33. Qg4 Qd6 34.
Rxh7 Ke8 35. Qg8+ Kd7 36. Qxf7+ Kc6 37. Qa7 Rb6 38. Rc2+ Kb5 39. Rxc8 Bxc8 40.
Qa5+ 1-0

[Event "First Saturday FM-A Feb 2014"]
[Site "Budapest"]
[Date "2014.02.05"]
[Round "5.3"]
[White "Skytte, Torill"]
[Black "Terbe, Zsuzsanna"]
[Result "1/2-1/2"]
[WhiteElo "1971"]
[BlackElo "2029"]
[PlyCount "57"]
[EventDate "2014.02.01"]

1. d4 Nf6 2. Nf3 g6 3. c4 Bg7 4. Nc3 O-O 5. Bf4 d6 6. e3 Nbd7 7. h3 Re8 8. Be2
b6 9. O-O Bb7 10. Rc1 e5 11. Bh2 a6 12. b4 Qe7 13. c5 dxc5 14. dxe5 Ne4 15. Nd5
Qd8 16. e6 Bxd5 17. Qxd5 Rxe6 18. Rfd1 Nef6 19. Qb7 Qe8 20. Bxa6 cxb4 21. Bb5
Re7 22. Rxc7 Rd8 23. Rb1 Ne4 24. Bxd7 Rexd7 25. Rxd7 Rxd7 26. Qxb6 Nc3 27. Rf1
Nxa2 28. Bd6 Qc8 29. Bxb4 1/2-1/2

[Event "First Saturday FM-A Feb 2014"]
[Site "Budapest"]
[Date "2014.02.05"]
[Round "5.4"]
[White "Juracsik, Jozsef"]
[Black "Grove, Michael"]
[Result "0-1"]
[WhiteElo "2136"]
[BlackElo "2091"]
[PlyCount "70"]
[EventDate "2014.02.01"]

1. e4 c5 2. Nf3 d6 3. Bb5+ Nd7 4. a4 a6 5. Bc4 Ngf6 6. Nc3 e6 7. d3 Be7 8. O-O
O-O 9. h3 Nb8 10. e5 dxe5 11. Nxe5 Nd5 12. Qe2 Nxc3 13. bxc3 Nd7 14. Bf4 Nb6
15. a5 Nd5 16. Bd2 Bd6 17. d4 Qc7 18. Bd3 Bd7 19. Nxd7 Qxd7 20. Rfb1 Rac8 21.
c4 Ne7 22. dxc5 Bxc5 23. Qe4 f5 24. Qxb7 Qd6 25. Bc3 e5 26. Be2 Rb8 27. Qf3 e4
28. Qh5 Qf4 29. Rxb8 Rxb8 30. Kh1 g6 31. g3 Qxf2 32. Qh6 Bd4 33. Rf1 Qxe2 34.
Qf4 Rd8 35. Re1 Qxc4 0-1

[Event "First Saturday FM-A Feb 2014"]
[Site "Budapest"]
[Date "2014.02.05"]
[Round "5.5"]
[White "Borda, Lajos"]
[Black "Farkas, Richard"]
[Result "0-1"]
[WhiteElo "2130"]
[BlackElo "2143"]
[PlyCount "150"]
[EventDate "2014.02.01"]

1. c4 Nf6 2. Nf3 g6 3. g3 Bg7 4. Bg2 O-O 5. O-O d6 6. Nc3 Nbd7 7. d3 e5 8. Rb1
c6 9. e4 Nc5 10. b4 Ne6 11. Bb2 Nd7 12. Bh3 Qe7 13. Qe2 Nd4 14. Nxd4 exd4 15.
Nd1 d5 16. cxd5 cxd5 17. Bg2 dxe4 18. Qxe4 Qxb4 19. Ne3 Nc5 20. Qe7 Nxd3 21.
Qxb4 Nxb4 22. Bxd4 Bxd4 23. Rxb4 Bc5 24. Rb5 Bxe3 25. fxe3 Rb8 26. Rb4 Be6 27.
Bxb7 Bxa2 28. Ra4 Rxb7 29. Rxa2 Re8 30. Rfa1 Rxe3 31. Rxa7 Rb2 32. R7a2 Re1+
33. Rxe1 Rxa2 34. h3 Kg7 35. Re4 Rd2 36. Ra4 h5 37. Rb4 Re2 38. Ra4 Kf6 39.
Rf4+ Ke6 40. Ra4 f6 41. Rb4 Kf5 42. Rf4+ Ke5 43. Ra4 g5 44. Rb4 Rd2 45. Ra4 Rd4
46. Ra2 h4 47. gxh4 Rxh4 48. Kg2 Re4 49. Kf3 Rd4 50. Ra5+ Rd5 51. Ra2 Rd3+ 52.
Kg2 Ke4 53. Re2+ Re3 54. Ra2 f5 55. Ra4+ Ke5 56. Ra5+ Kf6 57. Ra6+ Re6 58. Ra3
Kg6 59. Ra8 f4 60. Kf2 Rb6 61. Kf3 Rb3+ 62. Kg2 Rb2+ 63. Kg1 Rd2 64. Rf8 Re2
65. h4 Kh5 66. hxg5 Kxg5 67. Kf1 Ra2 68. Rg8+ Kf5 69. Rb8 Kg4 70. Rb1 Kg3 71.
Rb8 Ra1+ 72. Ke2 f3+ 73. Ke3 Re1+ 74. Kd2 f2 75. Rg8+ Kh4 0-1

[Event "First Saturday FM-A Feb 2014"]
[Site "Budapest"]
[Date "2014.02.06"]
[Round "6.1"]
[White "Grove, Michael"]
[Black "Borda, Lajos"]
[Result "1-0"]
[WhiteElo "2091"]
[BlackElo "2130"]
[PlyCount "65"]
[EventDate "2014.02.01"]

1. e4 e6 2. d4 d5 3. Nc3 Nf6 4. Bg5 Be7 5. e5 Nfd7 6. h4 h6 7. Bxe7 Qxe7 8. Qg4
g6 9. Nf3 a6 10. Bd3 c5 11. dxc5 Nc6 12. Na4 b5 13. Nb6 Rb8 14. Nxd7 Bxd7 15.
b4 a5 16. a3 a4 17. Qf4 Kd8 18. O-O-O Kc7 19. c3 Na7 20. Nh2 g5 21. hxg5 hxg5
22. Qg3 Kb7 23. Nf3 f6 24. exf6 Qxf6 25. Qe5 Qxe5 26. Nxe5 Bc6 27. Nf7 Rhg8 28.
Rh7 Ka6 29. Ne5 Rb7 30. Rdh1 Rgg7 31. Rxg7 Rxg7 32. Rh6 Re7 33. Rg6 1-0

[Event "First Saturday FM-A Feb 2014"]
[Site "Budapest"]
[Date "2014.02.06"]
[Round "6.2"]
[White "Terbe, Zsuzsanna"]
[Black "Juracsik, Jozsef"]
[Result "0-1"]
[WhiteElo "2029"]
[BlackElo "2136"]
[PlyCount "60"]
[EventDate "2014.02.01"]

1. e4 c5 2. Nf3 d6 3. c3 Nf6 4. Bd3 g6 5. Bc2 Bg7 6. h3 O-O 7. O-O Nc6 8. d4 e5
9. dxc5 dxc5 10. Qe2 Nh5 11. Rd1 Qe7 12. Na3 Nf4 13. Qf1 Qf6 14. Ne1 Be6 15.
Nd3 b6 16. f3 Na5 17. Be3 Rac8 18. Nxf4 exf4 19. Bf2 Qg5 20. Kh1 Be5 21. Bd3
Rcd8 22. Qe1 Qf6 23. Bf1 g5 24. Be2 h5 25. Qf1 Rxd1 26. Qxd1 Rd8 27. Qe1 Kh8
28. Kh2 g4 29. Bg1 Rg8 30. Bf1 Qg5 0-1